| 000 | 00724nam a2200229 a 4500 | ||
|---|---|---|---|
| 999 |
_c1315 _d1315 |
||
| 001 | 11626 | ||
| 003 | BD-DhUAP | ||
| 005 | 20200205130311.0 | ||
| 008 | 200204r20081995 b 1 00eng eng d | ||
| 020 | _a984320101264 | ||
| 040 |
_aBD-DhUAP _cBD-DhUAP _bEng _dBD-DhUAP |
||
| 082 | 0 | 0 |
_223 _a342.5492 ISL |
| 100 | 1 |
_aIslam, Mahmudul. _912077 |
|
| 245 | 1 | 0 |
_aConstitutional law of Bangladesh / _cMahmudul Islam. |
| 250 | _a2nd ed. | ||
| 260 |
_aDhaka : _bMullick Brothers, _cc1995 [Reprinted 2008]. |
||
| 300 |
_ac, 848 pages ; _c22 cm. |
||
| 504 | _aIncludes bibliographical references and index. | ||
| 650 | 0 |
_aConstitutional law _zBangladesh. _96989 |
|
| 942 |
_2ddc _cBK _04 |
||